College Quizbowl Stats
College Quizbowl Stats
Circuits
Seasons
Sets
Records
Detailed Stats
About
Loading...
Lower Mid-Atlantic
Tossups
Bonuses
Players
Teams
Categories (Tossup)
Categories (Bonus)
Josh Ipe
Roanoke A
Categories
Category
Powers
Gets
Negs
BBs
Points
Earliest Buzz
Avg. Buzz
First Buzzes
Top 3 Buzzes
BPA
PVF
Popular Culture
0
2
0
0
20
49
77.00
0
0
29.04
36.67
Science - Biology
0
1
0
0
10
92
92.00
0
0
1.20
2.73
Science - Other
0
0
0
0
0
0.00
0
0
0.00
0.00
Science - Physics
0
0
0
0
0
0.00
0
0
0.00
0.00
Buzzes
Category
Answer
Value
Buzz Position
Popular Culture
demons
10
49
Science - Biology
gills
10
92
Popular Culture
Hollow Knight: Silksong
10
105
Science - Physics
electric field
0
123
Science - Other
Boolean formulas
0
132
Previous
1
Next